| 000 | 00525cam a22001812 4500 | ||
|---|---|---|---|
| 001 | 0000008341 | ||
| 005 | 20151217160115.0 | ||
| 008 | 080315s xx 000 0 eng d | ||
| 020 |
_a0673629139 : _cKES |
||
| 040 |
_aKABU _cKABU |
||
| 100 | 1 |
_aLawrence, Richard C. _@0000158908 |
|
| 245 | 1 | 4 |
_aThe Main street of America : _broute 66 / _cRichard C. Lawrence. |
| 260 |
_aNew York : _bScott Foresman, _cn.d. |
||
| 300 | _a24 p. | ||
| 908 | _a080315 | ||
| 950 | _@1 | ||
| 999 |
_c14365 _d14365 |
||